Caricamento...

Structure Gramaticle

Dettagli Bibliografici
Autore principale: Bloch Jules
Natura: Printed Book
Soggetti:
LEADER 00366nam a22001097a 4500
082 |a 030  |b BLO/S 
100 |a Bloch Jules   |9 312066 
245 |a Structure Gramaticle 
650 |a English; Encylopedia  |9 311947 
942 |c BK 
999 |c 76244  |d 76244 
952 |0 0  |1 0  |4 0  |6 030_000000000000000_BLO_S  |7 0  |9 89533  |a MAL  |b MAL  |d 2017-04-01  |e GM29  |l 0  |o 030 BLO/S  |p MAL00GM29A  |r 2017-04-01  |t 1  |w 2017-04-01  |y BK